000 00815nam a22002297a 4500
005 20080729153731.0
008 080729t xxu||||| |||| 00| 0 eng d
010 _aENG-90631
020 _a8184350902
_c625.00
035 _aEN-74164
037 _bDBAD / PUB
040 _aDPL
082 _a658.827
100 _aMalviya, Subhash
245 _aBrand management /
_cby Subhash Malviya
260 _aNew Delhi
_bAdhyayan Publishers & Distributors
_c2007
300 _avi, 228p.
_c22 cm.(Hb)
500 _aIncludes bibliographical references and index
650 _aProduct management
942 _2ddc
_cEN
_h658.827
_mMAL
999 _c14668
_d14668